Normal view
MARC view
- المنشآت المالية - محاسبة
Entry Topical Term
001 - CONTROL NUMBER
- control field: 45717
003 - CONTROL NUMBER IDENTIFIER
- control field: JO-AjAnu
005 - DATE AND TIME OF LATEST TRANSACTION
- control field: 20230606081547.0
008 - FIXED-LENGTH DATA ELEMENTS
- fixed length control field: 230606|| aca||aabn | a|a d
040 ## - CATALOGING SOURCE
- Original cataloging agency: JO-AjAnu
- Transcribing agency: JO-AjAnu
150 ## - HEADING--TOPICAL TERM
- Topical term or geographic name entry element: المنشآت المالية - محاسبة
670 ## - SOURCE DATA FOUND
- Source citation: Work cat.: (JO-AjAnu)23405: نور، احمد ، م.مشارك احمد بسيوني شحاته, author 45716, محاسبة المنشآت المالية: تصميم النظام المحاسبي ، شركات التأمين ، البنوك